Vista normal
Vista MARC
Entrada Topical Term
Número de registros utilizados en: 1
001 - CONTROL NUMBER
- control field: 58059
003 - CONTROL NUMBER IDENTIFIER
- control field: OSt
005 - DATE AND TIME OF LATEST TRANSACTION
- control field: 20250207095040.0
008 - FIXED-LENGTH DATA ELEMENTS
- fixed length control field: 250207|| aca||aabn | a|a d
040 ## - CATALOGING SOURCE
- Original cataloging agency: OSt
- Transcribing agency: OSt
150 ## - HEADING--TOPICAL TERM
- Topical term or geographic name entry element: Ciencias de la tierra
670 ## - SOURCE DATA FOUND
- Source citation: Work cat.: (OSt)56872: Banfi, Cristina. 1966 - autora 58058, Nuestro Planeta :